Statistics for Four Letter European Geography #1

Click here to take the quiz!

General Stats

  • This quiz has been taken 302 times
  • The average score is 15 of 22

Answer Stats

ClueAnswer% Correct
Capital of NorwayOslo
100%
Location of a Leaning TowerPisa
99%
The Eternal CityRome
97%
Range in which Switzerland is locatedAlps
96%
Currency of Belgium and GreeceEuro
91%
German name of ViennaWien
91%
Title of former rulers of RussiaTsar
90%
Mountain range between Europe and AsiaUral
87%
National animal of RussiaBear
85%
Spanish version "John"Juan
84%
England's most famous boys collegeEton
78%
Island to which Napoleon was exiledElba
77%
Roman name for France and surrounding areasGaul
71%
River on which Newcastle is situatedTyne
69%
County of England that lies closest to FranceKent
63%
Term for a levee in the NetherlandsDyke
53%
Most populous Italian city on the Adriatic SeaBari
46%
Second-biggest city in Czech RepublicBrno
40%
River that makes Polish-German borderOder
34%
Indigenous people of northern SwedenSami
28%
River on which Florence is situatedArno
27%
Currency of CroatiaKuna
21%

Score Distribution

Percentile by Number Answered

Percent of People with Each Score

Your Score History

You have not taken this quiz